000 00417nam a22001697a 4500
003 CEME
005 20210628205536.0
008 210308b xxu||||| |||| 00| 0 eng d
020 _a0-03-024481-1
040 _c.
082 _a004 PAR'U
100 _aParker, Charles S
_975956
245 _aUnderstanding computers today and tomorrow
260 _aUSA
_bTHE DRYDEN PRESS
_c1998
300 _aVP
942 _cBK
_2ddc
999 _c581365
_d581365